All the Answers are Wrong - Statistics

General Stats
  • This quiz has been taken 43 times
  • The average score is 5 of 15
Answer Stats
Answer % Correct
Wronng
97%
Wrrong
97%
rong
49%
Wrongg
46%
Wroong
41%
Wwrong
41%
Wong
35%
Wong
35%
rongg
19%
Wrang
14%
Rrong
11%
roong
8%
Vrong
8%
Wronge
3%
Warong
0%
No matching quizzes found
Score Distribution
Percent of People with Each Score
Percentile by Number Answered
Your Score History
You have not taken this quiz